[Event "Hoogeveen op 27th"]
[Site "Hoogeveen"]
[Date "2024.10.31"]
[Round "7"]
[White "Leenes, Robert"]
[Black "Terlouw, Wouter"]
[Result "0-1"]
[WhiteElo "2014"]
[BlackElo "2198"]
[PlyCount "40"]
[EventDate "2024.10.26"]
[EventType "swiss"]
[EventRounds "9"]
[EventCountry "NED"]
[SourceTitle "CB45_2024"]
[Source "ChessBase"]
[SourceDate "2024.11.06"]
[SourceVersion "1"]
[SourceVersionDate "2024.11.06"]
[SourceQuality "1"]

1. d4 Nf6 2. Nc3 d5 3. Bg5 Nbd7 4. f3 c6 5. e4 dxe4 6. fxe4 e5 7. Nf3 exd4 8. Qxd4 Bc5 9. Qd2 0-0 10. 0-0-0 Qa5 11. Bc4 Bb4 12. Rhe1 Ng4 13. Bb3 h6 14. h3 hxg5 15. hxg4 Nc5 16. Nxg5 Bxc3 17. bxc3 Bxg4 18. Bxf7+ Rxf7 19. Nxf7 Qa3+ 20. Kb1 Na4 0-1

[Event "Helmond Rapid op"]
[Site "Helmond"]
[Date "2024.06.15"]
[Round "1"]
[White "Dgebuadze, Alexandre"]
[Black "Leenes, Robert"]
[Result "1-0"]
[WhiteElo "2442"]
[BlackElo "2052"]
[PlyCount "77"]
[EventDate "2024.06.15"]
[EventType "swiss (rapid)"]
[EventRounds "9"]
[EventCountry "NED"]
[SourceTitle "CBM 220 Extra"]
[Source "ChessBase"]
[SourceDate "2024.07.31"]
[SourceVersion "1"]
[SourceVersionDate "2024.07.31"]
[SourceQuality "1"]

1. e4 c5 2. Nc3 g6 3. g3 Bg7 4. Bg2 Nc6 5. Nge2 e6 6. d3 Nge7 7. 0-0 0-0 8. Be3 Nd4 9. Qd2 Nxe2+ 10. Nxe2 Qb6 11. c3 d5 12. d4 cxd4 13. Nxd4 Qa6 14. exd5 Nxd5 15. Bh6 Rd8 16. Bxg7 Kxg7 17. Rfe1 Bd7 18. Bxd5 exd5 19. Re7 Qf6 20. Rae1 Bc6 21. Ne6+ Kg8 22. Nxd8 Rxd8 23. Qd4 Qf5 24. R7e5 Qc2 25. R5e2 Qf5 26. Rd2 a6 27. Qf4 Qxf4 28. gxf4 Kg7 29. f3 Kf6 30. Kf2 Rd7 31. Rd4 Kf5 32. c4 dxc4 33. Rxd7 Bxd7 34. Re7 Be6 35. Rxb7 c3 36. bxc3 Bxa2 37. Ke3 Be6 38. Ra7 Bc4 39. Rc7 1-0

[Event "Helmond Rapid op"]
[Site "Helmond"]
[Date "2024.06.15"]
[Round "3"]
[White "Steenbekkers, Franck"]
[Black "Leenes, Robert"]
[Result "1-0"]
[WhiteElo "2164"]
[BlackElo "2052"]
[PlyCount "69"]
[EventDate "2024.06.15"]
[EventType "swiss (rapid)"]
[EventRounds "9"]
[EventCountry "NED"]
[SourceTitle "CBM 220 Extra"]
[Source "ChessBase"]
[SourceDate "2024.07.31"]
[SourceVersion "1"]
[SourceVersionDate "2024.07.31"]
[SourceQuality "1"]

1. e4 c5 2. Nf3 d6 3. d4 cxd4 4. Nxd4 Nf6 5. Nc3 g6 6. Be3 Bg7 7. f3 0-0 8. Qd2 Nc6 9. 0-0-0 d5 10. exd5 Nxd5 11. Nxc6 bxc6 12. Bd4 e5 13. Bc5 Re8 14. Ne4 Qc7 15. h4 f5 16. Nd6 Rd8 17. Nxc8 Raxc8 18. Bc4 Kh8 19. Qf2 Nb6 20. Bb3 Rxd1+ 21. Rxd1 Rd8 22. Qe2 a5 23. a4 Nd5 24. h5 g5 25. Qd2 Re8 26. Bxd5 cxd5 27. Qxd5 Rc8 28. h6 Bxh6 29. Qd6 Qxc5 30. c3 g4+ 31. Qxh6 Qe7 32. Qh5 gxf3 33. gxf3 e4 34. Qxf5 e3 35. Qxc8+ 1-0